<?xml version="1.0" encoding="UTF-8"?>
<marc:record xmlns:marc="http://www.loc.gov/MARC21/slim">
   <marc:leader>00000nam a2200000 a 4500</marc:leader>
   <marc:datafield ind1="1" ind2=" " tag="100">
      <marc:subfield code="a">Schneider, Martina</marc:subfield>
   </marc:datafield>
   <marc:datafield ind1=" " ind2=" " tag="653">
      <marc:subfield code="a">Musikdruck</marc:subfield>
   </marc:datafield>
   <marc:datafield ind1=" " ind2=" " tag="653">
      <marc:subfield code="a">Solo</marc:subfield>
   </marc:datafield>
   <marc:datafield ind1=" " ind2=" " tag="653">
      <marc:subfield code="a">Klavier</marc:subfield>
   </marc:datafield>
   <marc:datafield ind1="0" ind2="0" tag="245">
      <marc:subfield code="a">Toll in Dur</marc:subfield>
   </marc:datafield>
   <marc:datafield ind1="0" ind2="0" tag="245">
      <marc:subfield code="b">33 Originalstücke für Klavier</marc:subfield>
   </marc:datafield>
   <marc:datafield ind1="0" ind2="0" tag="245">
      <marc:subfield code="c">herausgegeben und graphisch gestaltet von = edited and with artwork by Martina Schneider</marc:subfield>
   </marc:datafield>
   <marc:datafield ind1=" " ind2="1" tag="264">
      <marc:subfield code="a">Wiesbaden</marc:subfield>
      <marc:subfield code="b">Breitkopf &amp; Härtel</marc:subfield>
      <marc:subfield code="c">2021</marc:subfield>
   </marc:datafield>
   <marc:datafield ind1=" " ind2=" " tag="250">
      <marc:subfield code="a">Partitur</marc:subfield>
   </marc:datafield>
   <marc:datafield ind1="1" ind2=" " tag="520">
      <marc:subfield code="a">Audio-Dateien zum Online-Download -  Angaben zum Inhalt: 01. Dandrieu, Jean-François Les Tourbillons | The Whirlwinds (aus: Pièces de clavecin (1724)) -- 02. Kuhnau, Johann Prelude (aus: Partita V) -- 03. Zipoli, Domenico Gavotte (aus: Sonate d&#x92;Intavolatura per Organo e Cimbalo (1716)) -- 04. Tischer, Johann Nicolaus Le Triomphe | The Triumph (aus: Sechs leichte und dabei angenehme Clavier-Partien) -- 05. Galuppi, Baldassare Presto (aus: Suonate per il Cembalo) -- 06. Bach, Wilhelm Friedemann (?) Allegro -- 07. Wagenseil, Georg Christoph Divertimento -- 08. Häßler, Johann Wilhelm Fantasia (aus: Partie IV) -- 09. Häßler, Johann Wilhelm Prélude varié (aus: Der Tonkreis) -- 10. Türk, Daniel Gottlob Youthful Briskness (Nr. 38 aus: 60 Handstücke für angehende Klavierspieler, 1. Teil) -- 11. Haydn, Joseph Allegro (Hob. XVII: Anh) -- 12. Witthauer, Johann Georg Allegro scherzando (aus: Sonaten für Liebhaber und angehende Clavierspieler (1792)) -- 13. Kuhlau, Friedrich Variations on an Austrian Folksong -- 14. Burgmüller, Johann Friedrich Morning Bell (Nr. 9 aus: 18 Ètudes de Genre op. 109) -- 15. Gurlitt, Cornelius Dreamery (Nr. 32 aus: Der erste Vortrag op. 210) -- 16. Gurlitt, Cornelius Postlude (Nr. 6 aus: Sechs kleine Vortragsstücke op. 221) -- 17. Chopin, Frédéric Sostenuto (Brown-Index 133) -- 18. Hofmann, Heinrich In the Evening (Nr. 2 aus: Stimmungsbilder op. 88) -- 19. Grieg, Edvard Watchman&#x92;s Song (Nr. 3 aus: Lyrische Stücke op. 12) -- 20. Parlow, Edmund Scherzo (Nr. 8 aus: Eight Miniatures op. 113) -- 21. Krentzlin, Richard The Narrator . (Nr. 1 aus: Bilder aus dem Leben op. 41) -- 22. Majkapar, Samuil The Entry of the Marionettes (Nr. 7 aus: Fantoccini op. 21) -- 23. Merikanto, Oskar Valse lente (op. 33) -- 24. Glière, Reinhold Aux champs | In the Fields (Nr. 7 aus: 24 pièces caracteristiques pour la jeunesse op. 34) -- 25. Ibert, Jacques La machine à coudre | The Sewing Machine (Nr. 11 aus: Petit suite en quinze images (1944)) -- 26. Kabalewskij, Dmitri Dance (Nr. 2 aus: Vier Rondos für Klavier op. 60) -- 27. Gillock, William Sunset -- 28. Gillock, William New Orleans Blues -- 29. Norton, Christopher Attention Seeker (Nr. 5 aus: Mikrostyles Collection) -- 30. Kember, John Step Time (Nr. 12 aus: Jazz Piano Studies 1) -- 31. Norton, Christopher On the Line (Nr. 36 aus: Mikrostyles Collection) -- 32. Hellbach, Daniel Pop-Prelude (Nr. 6 aus: Pop Piano Vol. 2) -- 33. Schoenmehl, Mike Concerto for Julia (Nr. 10 aus: Fun with Jazz Piano Vol. 3)</marc:subfield>
   </marc:datafield>
   <marc:datafield ind1="2" ind2=" " tag="024">
      <marc:subfield code="a">9790004186039</marc:subfield>
   </marc:datafield>
   <marc:datafield ind1=" " ind2=" " tag="300">
      <marc:subfield code="a">1 Partitur (66 Seiten)</marc:subfield>
   </marc:datafield>
</marc:record>
